| 000 | 00525nam a2200169Ia 4500 | ||
|---|---|---|---|
| 003 | IN-BaIIA | ||
| 008 | 211028s9999 xx 000 0 eng d | ||
| 040 | _cIIA Library | ||
| 080 |
_a52 _bNEW |
||
| 100 |
_aNewcomb, Simon _9920 |
||
| 245 | 0 |
_aSide-lights on astronomy and kindred fields of popular science _bessays and addresses _cSimon Newcomb |
|
| 260 |
_aLondon _bHarper and Brothers _c1906 |
||
| 300 | _avii, 349p. | ||
| 650 |
_aAstronomy ; Astrophysics _91157 |
||
| 650 | _aAstronomy and astrophysics thesaurus | ||
| 942 | _cBK | ||
| 999 |
_c503 _d503 |
||